Prezentační a komunikační dovednosti studentů s důrazem na potřebné aspekty jejich rozvoje

Čiastkové výsledky výskumu orientovaného na prezentačné schopnosti študentov vysokej školy, ktorí mali prezentovať zvolenú ekonomickú tému a boli hodnotení z hľadiska šiestich aspektov. Porovnanie výsledkov experimentálnej a kontrolnej skupiny, pričom experimentálna skupina absolvovala kurz zameran...

ver descrição completa

Na minha lista:
Detalhes bibliográficos
Autor principal: Holečková, Lenka
Formato: Capítulo de Livro
Idioma:tcheco
Assuntos:
Tags: Adicionar Tag
Sem tags, seja o primeiro a adicionar uma tag!

MARC

LEADER 00000naa a2200000 4500
001 0262136
005 20200205093913.5
041 0 |a cze 
044 |a CZ 
245 1 0 |a Prezentační a komunikační dovednosti studentů s důrazem na potřebné aspekty jejich rozvoje  |c Lenka Holečková 
520 |a Čiastkové výsledky výskumu orientovaného na prezentačné schopnosti študentov vysokej školy, ktorí mali prezentovať zvolenú ekonomickú tému a boli hodnotení z hľadiska šiestich aspektov. Porovnanie výsledkov experimentálnej a kontrolnej skupiny, pričom experimentálna skupina absolvovala kurz zameraný na rozvoj prezentačných zručností, kontrolná skupina nie. Významnosť posunu komunikačných zručností bola overená pomocou študentovho t-testu. Výsledky poukázali na významný posun v prezentačných zručnostiach experimentálnej skupiny a teda účinnosť zaradeného kurzu. 
610 2 0 |a vzdelávanie vysokoškolské 
610 2 0 |a zručnosti 
610 2 0 |a študenti 
610 2 0 |a prezentácia 
610 2 0 |a komunikácia 
610 2 0 |a kurzy 
610 2 0 |a testy 
100 1 |a Holečková, Lenka